Catàleg del Col·legi de Periodistes de Catalunya

Periodistes gironins mestres en Gai Saber (Registre núm. 3117)

000 -CABECERA
Longitud fija campo de control 00503naa a2200157 a 4500
001 - NÚMERO DE CONTROL
Número de control 3117
003 - IDENTIFICADOR DEL NÚMERO DE CONTROL
Identificador del número de control CDMR
005 - FECHA Y HORA DE LA ÚLTIMA TRANSACCIÓN
Fecha y hora de la última transacción 20130404183601.0
008 - CÓDIGOS DE INFORMACIÓN DE LONGITUD FIJA
Códigos de información de longitud fija 130130s ||||||||||||r|||||||||||||||d
040 ## - FUENTE DE LA CATALOGACIÓN
Centro catalogador de origen CDMR
Lengua de catalogación cat
Centro transcriptor CDMR
100 1# - PUNTO DE ACCESO PRINCIPAL-NOMBRE DE PERSONA
Nombre de persona Geis, Camil
9 (RLIN) 2276
245 10 - MENCIÓN DE TÍTULO
Título Periodistes gironins mestres en Gai Saber
Resto del título : conferència, llegida a Ràdio Barcelona : dia 17 de juny
650 04 - PUNTO DE ACCESO ADICIONAL DE MATERIA - TÉRMINO DE MATERIA
9 (RLIN) 2277
Término de materia o nombre geográfico como elemento inicial Periodistes
Subdivisión geográfica Girona
773 0# - ENLACE AL DOCUMENTO FUENTE
Título Associació de Periodistes de Barcelona
Parte(s) relacionada(s) 1933, II, p.145-157
Número de control del registro relacionado 315
942 ## - ENTRADA DE ELEMENTOS AGREGADOS (KOHA)
Koha [por defecto] tipo de item Capítols
Fuente de clasificaión o esquema
Fons
Suprimido Perdido Estropeado No para préstamo Localización permanente Localización actual Fecha adquisición Préstamos totales Código de barras Fecha última consulta Fecha del precio de reemplazo Tipo de item de Koha
        Centre de Documentació Montserrat Roig Centre de Documentació Montserrat Roig 2013-01-16   2685720130116125148. 2013-01-16 2013-01-16 Capítols

Implantat amb Koha